000
00499nam a2200133Ia 4500
008
100328s9999 xx 000 0 und d
082
_b
70718
100
_a
बागूल चारुदत्त.
245
_a
खंडणी (पोलीस तपास सत्यकथा).
260
_b
पायल.
630
_a
खंडणी (पोलीस तपास सत्यकथा).
730
_a
खंडणी (पोलीस तपास सत्यकथा).
942
_c
BOOK
999
_c
556443
_d
556440